000 00290nam a22001337a 4500
008 181005b xxu||||| |||| 00| 0 eng d
020 _a9791576079330
041 _aeng
080 _a341
100 _a14
101 _a341
245 _aCourts And Trials
_cSmith.CH. E
942 _2udc
_cBK
999 _c48903
_d48903